[Event "It (open)"]
[Site "masterchessopen.com - Bad Wiessee (Germany)"]
[Date "2002.10.30"]
[Round "5"]
[White "Behm Simon (GER)"]
[Black "Rosen Bernd (GER)"]
[Result "0-1"]
[WhiteElo "2003"]
[BlackElo "2286"]

1.d4 Nf6 2.c4 c5 3.d5 e5 4.Nc3 d6 5.e4 Be7 6.g3 O-O 7.Bg2 Ne8 8.Nge2 a6 9.O-O
Nd7 10.a4 b6 11.f4 Rb8 12.f5 Bg5 13.g4 Nc7 14.Qd3 h6 15.Bxg5 Qxg5 16.Qg3 Nf6
17.Bf3 Nh7 18.Kf2 Qe7 19.h4 f6 20.Ng1 b5 21.axb5 axb5 22.Ra7 bxc4 23.Na4 Qd8
24.Be2 Nb5 {#R} 0-1

[Event "It"]
[Site "masterchessopen.com - Alushta (Ukraine)"]
[Round "1"]
[White "Drozdovskij Yuri (UKR)"]
[Black "Khudyakov Alexander (RUS)"]
[Result "1-0"]
[WhiteElo "2510"]
[BlackElo "2202"]

1.d4 Nf6 2.c4 c5 3.d5 e5 4.Nc3 d6 5.e4 Be7 6.g3 O-O 7.Bg2 Nbd7 8.Nge2 Ne8
9.O-O g6 10.f4 Ng7 11.b3 a6 12.a4 a5 13.Bb2 f6 14.Qd3 Rf7 15.Rf2 g5 16.Raf1
exf4 17.gxf4 gxf4 18.Nxf4 Ne5 19.Qg3 f5 20.Ne6 Bh4 21.Nxd8 {#r} 1-0

[Event "It (open) \"]
[Site "masterchessopen.com - Bratislava (Slovakia)"]
[Round "0"]
[White "Skacelik Petr (CZE)"]
[Black "Frindt Kornel (SVK)"]
[Result "1-0"]
[WhiteElo "2250"]
[BlackElo "2189"]

1.d4 Nf6 2.c4 c5 3.d5 e5 4.Nc3 d6 5.e4 g6 6.Bd3 Bg7 7.Nge2 O-O 8.h3 a6 9.Be3
Ne8 10.g4 f5 11.exf5 gxf5 12.gxf5 Bxf5 13.Bxf5 Rxf5 14.Ng3 Rf7 15.Nce4 h6
16.Qg4 Kf8 17.Nh5 Qd7 18.Nxg7 Nxg7 19.Bxh6 b5 20.Qg6 Qe7 21.Rg1 Ra7 22.Nxd6
Rf4 23.Bxg7+ {#r} 1-0

[Event "Tournament (Elo) (b)"]
[Site "masterchessopen.com - Budapest (Hungary)"]
[Round "10"]
[White "Biro David (HUN)"]
[Black "Lantos Attila (HUN)"]
[Result "1-0"]
[WhiteElo "2176"]
[BlackElo "2010"]

1.d4 Nf6 2.c4 c5 3.d5 e5 4.Nc3 d6 5.e4 Be7 6.Nge2 O-O 7.Ng3 Ne8 8.Bd3 Bg5
9.O-O Bxc1 10.Qxc1 g6 11.Qh6 Ng7 12.Rae1 f5 13.f4 fxe4 14.Ncxe4 Nf5 15.Nxf5
Rxf5 16.Ng5 Rxg5 17.fxg5 Bf5 18.Bxf5 gxf5 19.Rxf5 {#r} 1-0

[Event "It (open)"]
[Site "masterchessopen.com - Schwarzach (Austria)"]
[Round "4"]
[White "Kunin Vitaly (GER)"]
[Black "Armbrust Florian (GER)"]
[Result "1-0"]
[WhiteElo "2451"]
[BlackElo "2268"]

1.d4 Nf6 2.c4 c5 3.d5 e5 4.Nc3 d6 5.e4 g6 6.Be2 Bg7 7.Bg5 h6 8.Be3 O-O 9.h4
Na6 10.a3 Ne8 11.Qd2 Kh7 12.h5 g5 13.g3 Nac7 14.f4 gxf4 15.gxf4 exf4 16.Bxf4
Qe7 17.Nf3 f5 18.Nh4 Bxc3 19.Qxc3 Qxe4 20.Rg1 Nf6 21.Ng6 Re8 22.O-O-O {#r} 1-0

[Event "It"]
[Site "masterchessopen.com - Serpukhov (Russia)"]
[Round "8"]
[White "Chapliev Aleksandr (RUS)"]
[Black "Lomakina Galja (RUS)"]
[Result "1-0"]
[WhiteElo "2325"]
[BlackElo "2184"]

1.d4 Nf6 2.c4 c5 3.d5 e5 4.Nc3 d6 5.e4 Be7 6.f4 exf4 7.Bxf4 Nbd7 8.Nf3 O-O
9.Bd3 Re8 10.O-O g6 11.h3 Bf8 12.Nb5 Ne5 13.Nxe5 dxe5 14.Bg5 Bg7 15.Qf3 a6
16.Nc3 b5 17.Bxf6 Bxf6 18.Qxf6 Qxf6 19.Rxf6 bxc4 20.Bxc4 Kg7 21.Raf1 {#r} 1-0

[Event "Ch Poland (team) (1 liga)"]
[Site "masterchessopen.com - Ustron (Poland)"]
[Round "0"]
[White "Cichocki Adam (POL)"]
[Black "Persowski Slawomir (POL)"]
[Result "0-1"]
[WhiteElo "2332"]
[BlackElo "2217"]

1.d4 Nf6 2.c4 c5 3.d5 e5 4.Nc3 d6 5.e4 Be7 6.Nf3 O-O 7.Bd3 Ne8 8.O-O Nd7 9.a3
g6 10.Qc2 Ng7 11.Bh6 Nf6 12.b4 b6 13.bxc5 bxc5 14.Rfb1 Ng4 15.Bd2 f5 16.Rb2 f4
17.Rab1 Nh6 18.Qa4 g5 19.Rb8 Rxb8 20.Rxb8 g4 {#R} 0-1

[Event "It (open)"]
[Site "masterchessopen.com - Calvi (France)"]
[Round "2"]
[White "Kozakov Mikhail (UKR)"]
[Black "Bongers Erik (NED)"]
[Result "1-0"]
[WhiteElo "2477"]
[BlackElo "2093"]

1.d4 Nf6 2.c4 c5 3.d5 e5 4.Nc3 d6 5.e4 Be7 6.Nf3 Nbd7 7.Be2 O-O 8.O-O Ne8 9.a3
a5 10.Ne1 Bg5 11.Nd3 Bxc1 12.Qxc1 g6 13.f4 exf4 14.Qxf4 Qe7 15.Rf2 f5 16.Raf1
Ne5 17.exf5 Rxf5 18.Qe3 Nf6 19.Nxe5 Rxf2 20.Qxf2 {#r} 1-0

[Event "It (open)"]
[Site "masterchessopen.com - Sofia (Bulgaria)"]
[Date "2004.02.07"]
[Round "2"]
[White "Petkov Vladimir (BUL)"]
[Black "Nikolov Savko (BUL)"]
[Result "1-0"]
[WhiteElo "2413"]
[BlackElo "1937"]

1.d4 Nf6 2.c4 c5 3.d5 e5 4.Nc3 d6 5.e4 Be7 6.Be2 O-O 7.Nf3 Ne8 8.h4 h6 9.g3 f5
10.Nh2 Nf6 11.Bf3 a6 12.a4 fxe4 13.Nxe4 Bf5 14.Qe2 Nxe4 15.Bxe4 Bxe4 16.Qxe4
Bxh4 17.Nf3 Rxf3 18.Qxf3 Bg5 19.Bxg5 Qxg5 20.Rh5 Qf6 21.Qxf6 gxf6 22.Rxh6 {#r}
1-0

[Event "Memorial Rey Ardid (open)"]
[Site "masterchessopen.com - Zaragoza (Spain)"]
[Date "2004.04.16"]
[Round "7"]
[White "Lorente Ibanez Luis (ESP)"]
[Black "Antoli Royo Joaquin Miguel (ESP)"]
[Result "0-1"]
[WhiteElo "1979"]
[BlackElo "2239"]

1.d4 Nf6 2.c4 c5 3.d5 e5 4.Nc3 d6 5.e4 Be7 6.f4 exf4 7.Bxf4 O-O 8.Bd3 Bg4
9.Nge2 Nh5 10.O-O Nxf4 11.Rxf4 Bxe2 12.Qxe2 Nd7 13.e5 Nxe5 14.Ne4 f5 15.Nxc5
Qb6 16.b4 Nxd3 {#R} 0-1

[Event "Memorial Kurass"]
[Site "masterchessopen.com - Kiev (Ukraine)"]
[Date "2004.06.21"]
[Round "4"]
[White "Goncharov Oleh (UKR)"]
[Black "Ianovsky Alexander (UKR)"]
[Result "1-0"]
[WhiteElo "2216"]
[BlackElo "2328"]

1.d4 Nf6 2.c4 c5 3.d5 e5 4.Nc3 d6 5.e4 g6 6.Bd3 Bg7 7.Nge2 O-O 8.f3 Nh5 9.Be3
f5 10.Qd2 Nd7 11.O-O-O Kh8 12.exf5 gxf5 13.g4 e4 14.fxe4 fxg4 15.Ng3 Nxg3
16.hxg3 Ne5 17.Qh2 Kg8 18.Qxh7+ Kf7 19.Rdf1+ Nf3 20.e5 Rh8 21.e6+ {#r} 1-0

[Event "Memorial Karl Mala (open)"]
[Site "masterchessopen.com - Frankfurt (Germany)"]
[Date "2004.07.24"]
[Round "5"]
[White "Neurohr Juergen (GER)"]
[Black "Sawadkuhi Massoud Amir (IRI)"]
[Result "0-1"]
[WhiteElo "2128"]
[BlackElo "2324"]

1.d4 Nf6 2.c4 c5 3.d5 e5 4.Nc3 d6 5.e4 Nbd7 6.Be3 Be7 7.h3 Nf8 8.Qd2 Ng6 9.g3
h5 10.f4 exf4 11.gxf4 h4 12.Bd3 Nh5 13.O-O-O Nhxf4 14.Bc2 Nh5 15.Nf3 Bf6
16.Rde1 Ne5 {#R} 0-1

[Event "It (b)"]
[Site "masterchessopen.com - Serpukhov (Russia)"]
[Round "8"]
[White "Hansen Lars-Henrik Bech (DEN)"]
[Black "Hansen Alexei Cherstiouk (DEN)"]
[Result "1-0"]
[WhiteElo "2050"]
[BlackElo "2047"]

1.d4 Nf6 2.c4 c5 3.d5 e5 4.Nc3 d6 5.e4 Be7 6.Bd3 Nbd7 7.f4 a6 8.Nf3 exf4
9.Bxf4 Ng4 10.O-O Nge5 11.Nxe5 Nxe5 12.Bxe5 dxe5 13.a4 h6 14.Qf3 Bf6 15.a5 Qd6
16.Na4 O-O 17.Nb6 Rb8 18.Bc2 {#r} 1-0

[Event "Bayern Oberliga 2004/05"]
[Site "masterchessopen.com - Bayern (Germany)"]
[Date "2004.10.24"]
[Round "1"]
[White "Cohrs Christopher (GER)"]
[Black "Salvermoser Bernd (GER)"]
[Result "1-0"]
[WhiteElo "2202"]
[BlackElo "2242"]

1.d4 Nf6 2.c4 c5 3.d5 e5 4.Nc3 d6 5.e4 Be7 6.Bd3 Nbd7 7.Nge2 Nf8 8.O-O Ng6
9.f4 exf4 10.Nxf4 Ne5 11.Bb1 Bg4 12.Qc2 a6 13.b3 Bd7 14.h3 b5 15.Qe2 bxc4
16.bxc4 Qa5 17.Nd1 Qb4 18.Ne3 Rb8 19.Nd3 Nxd3 20.Qxd3 Nxe4 21.Qxe4 Qc3 22.Nc2
f5 23.Qe2 Ba4 24.Bg5 {#r} 1-0

[Event "It (open)"]
[Site "masterchessopen.com - Ardennes (France)"]
[Round "2"]
[White "Pincon Stephane (FRA)"]
[Black "Peray Sebastien (FRA)"]
[Result "0-1"]
[WhiteElo "1978"]
[BlackElo "2176"]

1.d4 Nf6 2.c4 c5 3.d5 e5 4.Nc3 d6 5.e4 Be7 6.h3 O-O 7.Nf3 Ne8 8.Bd3 a6 9.O-O
Nd7 10.Bd2 g6 11.Nh2 Bg5 12.f4 exf4 13.Bxf4 Bxf4 14.Rxf4 Ne5 15.Qe2 Qg5 {#R}
0-1

[Event "Ch France (team) (nat.1) 2004/05"]
[Site "masterchessopen.com - France"]
[Date "2005.05.05"]
[Round "8"]
[White "Colin Vincent (FRA)"]
[Black "Heinis Vincent (FRA)"]
[Result "1-0"]
[WhiteElo "2375"]
[BlackElo "2184"]

1.d4 Nf6 2.c4 c5 3.d5 e5 4.Nc3 d6 5.e4 g6 6.Bd3 Bg7 7.Nge2 Nbd7 8.Nb5 Nb8
9.O-O a6 10.Nbc3 Nh5 11.Be3 Nd7 12.a3 O-O 13.Qc2 Nf4 14.Nxf4 exf4 15.Bxf4 Ne5
16.Be2 g5 17.Be3 Ng6 18.Qd1 Re8 19.Rc1 Bxc3 20.Rxc3 Rxe4 21.Bd3 Re5 22.Bxg6
hxg6 23.f4 Rf5 24.g4 {#r} 1-0

[Event "It (open)"]
[Site "masterchessopen.com - Klatovy (Czech Republic)"]
[Date "2005.07.05"]
[Round "4"]
[White "Tupy Martin (CZE)"]
[Black "Snaidr Jiri (CZE)"]
[Result "1-0"]
[WhiteElo "2235"]
[BlackElo "2069"]

1.d4 Nf6 2.c4 c5 3.d5 e5 4.Nc3 d6 5.e4 Be7 6.f4 Bg4 7.Be2 Bxe2 8.Qxe2 Nbd7
9.Nh3 Qa5 10.O-O O-O-O 11.a3 Kb8 12.Rb1 Rc8 13.Ng5 Rhf8 14.Nf3 Qd8 15.fxe5
dxe5 16.b4 cxb4 17.axb4 Qc7 18.d6 Bxd6 19.Nb5 Qc6 20.Qe3 Qb6 21.Qxb6 {#r} 1-0

[Event "It (open)"]
[Site "masterchessopen.com - Cullera (Spain)"]
[Date "2005.07.23"]
[Round "2"]
[White "Vilanova Corbi Jorge (ESP)"]
[Black "Pallardo Lozoya Jose Vicente (ESP)"]
[Result "0-1"]
[WhiteElo "2091"]
[BlackElo "2298"]

1.d4 c5 2.d5 Nf6 3.c4 e5 4.Nc3 d6 5.e4 Nbd7 6.g3 Be7 7.Bh3 a6 8.a4 b6 9.Nf3
O-O 10.Be3 Ne8 11.O-O g6 12.Qc2 Ng7 13.Nd2 Bg5 14.f4 exf4 15.gxf4 Bh6 16.Nf3
f5 17.exf5 Nf6 18.Rae1 Nxf5 19.Ng5 Nh5 20.Ne6 Qh4 21.Bxf5 Rxf5 22.Qe4 Bd7
23.Kh1 Ng3+ {#R} 0-1

[Event "It (cat.2) (a)"]
[Site "masterchessopen.com - Budapest (Hungary)"]
[Date "2005.08.14"]
[Round "9"]
[White "Zucchelli Massimo (ITA)"]
[Black "Jakab Attila (HUN)"]
[Result "1-0"]
[WhiteElo "2162"]
[BlackElo "2424"]

1.d4 Nf6 2.c4 c5 3.d5 e5 4.Nc3 d6 5.e4 g6 6.Bd3 Bg7 7.Nge2 O-O 8.f3 Ne8 9.h4
Na6 10.Bg5 f6 11.Be3 f5 12.Qd2 Nac7 13.exf5 gxf5 14.O-O-O a6 15.Bg5 Qd7 16.g4
e4 17.fxe4 fxg4 18.Ng3 Be5 19.Nf5 Nf6 20.Bh6 Rf7 21.Bf4 Kh8 22.Bxe5 dxe5
23.Qh2 {#r} 1-0

[Event "It (w)"]
[Site "masterchessopen.com - Tomsk (Russia)"]
[Round "0"]
[White "Kirillov Andrey (RUS)"]
[Black "Kagirov R (UZB)"]
[Result "0-1"]
[WhiteElo "2350"]
[BlackElo "2282"]

1.d4 Nf6 2.c4 c5 3.d5 e5 4.Nc3 d6 5.e4 Be7 6.h3 Nbd7 7.Nf3 Nf8 8.g3 Ng6 9.Bg2
h5 10.h4 Ng4 11.Nd2 Nxh4 12.gxh4 Bxh4 13.O-O Rh6 14.Qe2 Rg6 15.f3 Nh2 16.Kxh2
Bg3+ 17.Kg1 Qh4 18.Rf2 Qh2+ 19.Kf1 Bh3 20.Qd3 Bxf2 {#R} 0-1

[Event "It (open)"]
[Site "masterchessopen.com - Andorra"]
[Date "2006.07.10"]
[Round "3"]
[White "Moskalenko Viktor (UKR)"]
[Black "Damaso Rui (POR)"]
[Result "0-1"]
[WhiteElo "2543"]
[BlackElo "2449"]

1.d4 Nf6 2.c4 c5 3.d5 e5 4.Nc3 d6 5.e4 Be7 6.g3 Na6 7.Bg2 Nc7 8.f4 exf4 9.Bxf4
O-O 10.Nf3 b5 11.e5 Ng4 12.O-O bxc4 13.Ne4 {#R} 0-1

[Event "It (open)"]
[Site "masterchessopen.com - Predeal (Romania)"]
[Date "2006.08.16"]
[Round "7"]
[White "Inkiov Ventzislav (BUL)"]
[Black "Doncea Vladimir (ROM)"]
[Result "1-0"]
[WhiteElo "2523"]
[BlackElo "2275"]

1.d4 Nf6 2.c4 c5 3.d5 e5 4.Nc3 d6 5.e4 Be7 6.Be2 Nbd7 7.Nf3 a6 8.a4 O-O 9.O-O
Nh5 10.Nxe5 Nxe5 11.Bxh5 Nxc4 12.f4 Bf6 13.e5 dxe5 14.Qe2 b5 15.axb5 e4
16.Nxe4 Bd4+ 17.Kh1 Re8 18.Bxf7+ Kxf7 19.Ng5+ Kg6 20.Ne6 Qxd5 21.f5+ Kf6
22.Bg5+ {#r} 1-0

[Event "It (open)"]
[Site "masterchessopen.com - Zielona Gora (Poland)"]
[Date "2006.09.28"]
[Round "7"]
[White "Khamitskiy Sergei (BLR)"]
[Black "Oliwa Marek (POL)"]
[Result "1-0"]
[WhiteElo "2323"]
[BlackElo "2408"]

1.d4 Nf6 2.c4 c5 3.d5 e5 4.Nc3 d6 5.e4 Be7 6.Nf3 O-O 7.h3 Nbd7 8.Be2 Ne8 9.g4
a6 10.a4 Rb8 11.Be3 Nc7 12.Qd2 Nf6 13.a5 b5 14.axb6 Rxb6 15.O-O Nfe8 16.Ne1 g6
17.Nd3 f5 18.f3 Bh4 19.Kg2 f4 20.Bg1 Rb7 21.b4 cxb4 22.Na4 h5 23.c5 {#r} 1-0

[Event "Ch Bulgaria (team) (juniors) (under 18)"]
[Site "masterchessopen.com - Razgrad (Bulgaria)"]
[Date "2006.11.09"]
[Round "3"]
[White "Katov Luboslav (BUL)"]
[Black "Janev Pavel (BUL)"]
[Result "1-0"]
[WhiteElo "2226"]
[BlackElo "2047"]

1.d4 Nf6 2.c4 c5 3.d5 e5 4.Nc3 d6 5.e4 Be7 6.Bd3 O-O 7.Nge2 Nbd7 8.Ng3 Ne8
9.h4 g6 10.h5 Bg5 11.Bxg5 Qxg5 12.Qd2 Qxd2+ 13.Kxd2 a6 14.f3 Ng7 15.a3 Rb8
16.b4 f5 17.h6 Ne8 18.exf5 gxf5 19.Nxf5 b6 20.b5 a5 21.g4 Kh8 22.Ne4 {#r} 1-0

[Event "Ch Romania"]
[Site "masterchessopen.com - Amara (Romania)"]
[Date "2007.02.19"]
[Round "5"]
[White "Anton Teodor (ROM)"]
[Black "Jianu Vlad-Cristian (ROM)"]
[Result "0-1"]
[WhiteElo "2241"]
[BlackElo "2535"]

1.d4 Nf6 2.c4 c5 3.d5 e5 4.Nc3 d6 5.e4 Be7 6.Nf3 O-O 7.g3 Na6 8.Bg2 Nc7 9.O-O
a6 10.a4 b6 11.Ne1 Rb8 12.f4 Nd7 13.Qe2 exf4 14.gxf4 Bf6 15.Nd3 Re8 16.Qc2 b5
17.axb5 axb5 18.cxb5 Bd4+ 19.Kh1 Nf6 20.e5 Ng4 21.Ne4 Nxh2 22.Nf6+ gxf6
23.Kxh2 fxe5 {#R} 0-1

[Event "It (open)"]
[Site "masterchessopen.com - Capetown (South Africa)"]
[Date "2007.07.01"]
[Round "4"]
[White "Van Rensburg Ryan Pierre (RSA)"]
[Black "Levitt Mark (RSA)"]
[Result "0-1"]
[WhiteElo "1946"]
[BlackElo "2258"]

1.d4 Nf6 2.c4 c5 3.d5 e5 4.h3 d6 5.e4 Be7 6.Be2 Nbd7 7.a4 Nf8 8.f4 exf4 9.Bxf4
Ng6 10.Be3 Nd7 11.Nf3 Nge5 12.Nxe5 Nxe5 13.Bf4 Ng6 14.Bg3 Qa5+ {#R} 0-1

[Event "Match \"]
[Site "masterchessopen.com - London (England)"]
[Date "2007.07.09"]
[Round "1"]
[White "Lalic Bogdan (ENG)"]
[Black "Wu Li (ENG)"]
[Result "1-0"]
[WhiteElo "2500"]
[BlackElo "2332"]

1.d4 Nf6 2.c4 c5 3.d5 e5 4.Nc3 d6 5.e4 Nbd7 6.g3 g6 7.Bg2 Bg7 8.Nf3 O-O 9.O-O
a6 10.a4 Ne8 11.a5 Rb8 12.Bd2 b5 13.axb6 Nxb6 14.Qe2 f5 15.exf5 gxf5 16.Rab1
Na8 17.b3 Nf6 18.Nh4 f4 19.Ne4 Kh8 20.Ng5 Bg4 21.f3 Ne8 22.Nxh7 Kxh7 23.fxg4
fxg3 24.Qd3+ {#r} 1-0

[Event "It (open)"]
[Site "masterchessopen.com - Val Thorens (France)"]
[Date "2007.07.14"]
[Round "1"]
[White "Baudewyn Ludovic (FRA)"]
[Black "Chaillot Alain (FRA)"]
[Result "1-0"]
[WhiteElo "1734"]
[BlackElo "2083"]

1.d4 Nf6 2.c4 c5 3.d5 e5 4.Nc3 d6 5.e4 Be7 6.Nf3 O-O 7.Be2 Ne8 8.h4 Nd7 9.Bg5
Nc7 10.Qd2 a6 11.Nh2 Nf6 12.O-O-O b5 13.Bxf6 Bxf6 14.g3 bxc4 15.Bxc4 Nb5
16.Nxb5 axb5 17.Bxb5 Rxa2 18.Bc4 Qb6 {#r} 1-0

[Event "Ch European Union (juniors) (under 14)"]
[Site "masterchessopen.com - Mureck (Austria)"]
[Round "2"]
[White "Nemeth Denes (HUN)"]
[Black "Vasques Antonio Pedro Freixial (POR)"]
[Result "1-0"]
[WhiteElo "2007"]
[BlackElo "1839"]

1.d4 Nf6 2.c4 c5 3.d5 e5 4.Nc3 d6 5.e4 Be7 6.g3 O-O 7.Bg2 Nbd7 8.Nge2 Nb6 9.b3
Ne8 10.O-O f5 11.f4 Bf6 12.fxe5 Bxe5 13.Bf4 Bxf4 14.Nxf4 Nc7 15.Qd2 Nd7 16.Ne6
Nxe6 17.dxe6 Ne5 18.exf5 g6 19.Nd5 Nc6 20.Rae1 Re8 21.fxg6 Bxe6 22.Qh6 {#r}
1-0

[Event "Ch World (juniors) (under 14)"]
[Site "masterchessopen.com - Kemer (Turkey)"]
[Date "2007.11.21"]
[Round "4"]
[White "Straka Josef Jr (SVK)"]
[Black "Getz Alec (USA)"]
[Result "1-0"]
[WhiteElo "2039"]
[BlackElo "2121"]

1.d4 Nf6 2.c4 c5 3.d5 e5 4.Nc3 d6 5.e4 Be7 6.Bd3 Nbd7 7.Nge2 h5 8.Bd2 h4 9.Qc2
Nh5 10.O-O-O a6 11.g3 Qc7 12.b3 Nf8 13.f4 Bf6 14.f5 g5 15.fxg6 fxg6 16.Ng1 Qe7
17.Nf3 Bd7 18.Rhe1 O-O-O 19.Be3 Nh7 {#r} 1-0

[Event "It (cat.9)"]
[Site "masterchessopen.com - Richardson (USA)"]
[Date "2007.12.07"]
[Round "2"]
[White "Bercys Salvijus (USA)"]
[Black "Ning Chunhong (CHN)"]
[Result "1-0"]
[WhiteElo "2418"]
[BlackElo "2354"]

1.d4 Nf6 2.c4 c5 3.d5 e5 4.Nc3 d6 5.e4 Be7 6.h4 O-O 7.g3 Na6 8.a3 Nc7 9.Be2 a6
10.b4 b6 11.Nf3 Bg4 12.Nd2 Bd7 13.Nb3 Nfe8 14.h5 Bg5 15.f4 exf4 16.gxf4 Qf6
17.e5 Bh4+ 18.Kf1 dxe5 19.Ne4 Qf5 20.Rxh4 exf4 21.Qd3 Ba4 22.Nexc5 Qxd3
23.Bxd3 bxc5 24.Nxc5 {#r} 1-0

[Event "Tournament \"]
[Site "masterchessopen.com - Athens (Greece)"]
[Date "2007.12.23"]
[Round "3"]
[White "Kolomvas Dimitrios (GRE)"]
[Black "Pountzas Hrisanthos (GRE)"]
[Result "0-1"]
[WhiteElo "1954"]
[BlackElo "2235"]

1.d4 Nf6 2.c4 c5 3.d5 e5 4.Nc3 d6 5.e4 Nbd7 6.Bd3 Be7 7.Nge2 a6 8.O-O h5 9.f4
exf4 10.Bxf4 Ng4 11.Ng3 g6 12.h3 Nge5 13.a3 h4 14.Nh1 Bg5 15.Bxg5 Qxg5 16.Nf2
Nf6 17.Be2 Nh5 18.Bxh5 Rxh5 19.b3 Qg3 20.Ne2 {#R} 0-1

[Event "It (open) (w)"]
[Site "masterchessopen.com - Moscow (Russia)"]
[Date "2008.02.06"]
[Round "5"]
[White "Belkina Oksana (RUS)"]
[Black "Andreeva Elena (RUS)"]
[Result "0-1"]
[WhiteElo "1762"]
[BlackElo "1959"]

1.d4 Nf6 2.c4 c5 3.d5 e5 4.Nc3 d6 5.Bg5 Be7 6.Qc2 O-O 7.e4 Ne8 8.Bxe7 Qxe7
9.Nf3 g6 10.Be2 Ng7 11.O-O f5 12.Qd2 fxe4 13.Nxe4 Nf5 14.Rac1 Nd7 15.Rc3 Nf6
16.Nfg5 Nd4 17.Nxf6+ Qxf6 18.Ne4 Qf4 19.Qe3 Bf5 20.Nxd6 Qxe3 21.Rxe3 Nxe2+
22.Rxe2 Bd3 {#R} 0-1

[Event "Ch Antalya (open)"]
[Site "masterchessopen.com - Antalya (Turkey)"]
[Date "2008.02.08"]
[Round "8"]
[White "Erdogan Hakan (TUR)"]
[Black "Yilmaz Turhan (TUR)"]
[Result "1-0"]
[WhiteElo "2263"]
[BlackElo "2324"]

1.d4 Nf6 2.c4 c5 3.d5 e5 4.Nc3 d6 5.e4 g6 6.Nf3 Bg7 7.Bd3 O-O 8.O-O Nh5 9.Re1
h6 10.a3 Nd7 11.b4 f5 12.Nb5 Ndf6 13.bxc5 dxc5 14.Nxe5 Nxe4 15.Nxg6 Bxa1
16.Qxh5 Re8 17.Bxe4 Rxe4 18.Rxe4 fxe4 19.Bxh6 a6 20.d6 Bg7 21.Ne7+ Kf8
22.Bxg7+ {#r} 1-0

[Event "Ch Lithuania (1/2 final)"]
[Site "masterchessopen.com - Vilnius (Lithuania)"]
[Date "2008.02.16"]
[Round "2"]
[White "Limontas Martynas (LTU)"]
[Black "Plunge Gintautas (LTU)"]
[Result "1-0"]
[WhiteElo "2282"]
[BlackElo "2119"]

1.d4 Nf6 2.c4 c5 3.d5 e5 4.Nc3 d6 5.e4 Be7 6.Bd3 O-O 7.Nge2 Na6 8.h3 Nc7 9.Be3
a6 10.a4 b6 11.O-O Rb8 12.Ng3 Bd7 13.Qe2 Qc8 14.f4 b5 15.cxb5 axb5 16.fxe5 c4
17.exf6 cxd3 18.Qxd3 Bxf6 19.Rxf6 gxf6 20.Bh6 Rd8 21.Nh5 {#r} 1-0

[Event "Cup Rector (cat.9)"]
[Site "masterchessopen.com - Belgorod (Russia)"]
[Date "2008.02.25"]
[Round "1"]
[White "Zakharevich Igor (RUS)"]
[Black "Gubajdullin Alexei (RUS)"]
[Result "1-0"]
[WhiteElo "2447"]
[BlackElo "2462"]

1.d4 Nf6 2.c4 c5 3.d5 e5 4.Nc3 d6 5.e4 Be7 6.g3 O-O 7.Bg2 Ne8 8.Nge2 Bg5 9.f4
exf4 10.gxf4 Bh4+ 11.Ng3 f5 12.O-O fxe4 13.Ncxe4 g6 14.b3 Nd7 15.Bb2 h6 16.Qd3
Kh7 17.Rae1 Rf7 18.Qc3 Ndf6 19.Qd3 Nd7 20.f5 gxf5 21.Nxf5 Ne5 22.Bxe5 dxe5
23.Nxh4 {#r} 1-0

[Event "It (a)"]
[Site "masterchessopen.com - Guingamp (France)"]
[Date "2008.02.29"]
[Round "8"]
[White "Vernay Clovis (FRA)"]
[Black "Dumitrache Dragos-Nicolae (ROM)"]
[Result "0-1"]
[WhiteElo "2341"]
[BlackElo "2491"]

1.d4 Nf6 2.c4 c5 3.d5 e5 4.Nc3 d6 5.e4 Be7 6.Be2 O-O 7.Nf3 Nbd7 8.O-O Ne8
9.Bd2 g6 10.Qc1 Ng7 11.Ne1 f5 12.f3 Nf6 13.Nd3 f4 14.g4 h5 15.h3 Nh7 16.Kg2
Bh4 17.Be1 hxg4 18.hxg4 Nh5 19.Bd1 Bxe1 20.Rxe1 Qh4 21.Qd2 Ng3 22.Nf2 Ng5
23.Ba4 Kg7 {#R} 0-1

[Event "It (open)"]
[Site "masterchessopen.com - Dubrovnik (Croatia)"]
[Date "2008.04.27"]
[Round "7"]
[White "Popovic Zoran (BIH)"]
[Black "Bistric Faruk (BIH)"]
[Result "0-1"]
[WhiteElo "2359"]
[BlackElo "2376"]

1.d4 Nf6 2.c4 c5 3.d5 e5 4.Nc3 d6 5.e3 g6 6.Bd3 Bg7 7.Nge2 O-O 8.O-O Nh5 9.f4
exf4 10.exf4 f5 11.Rb1 Re8 12.a3 Nd7 13.b4 Nhf6 14.Rf3 cxb4 15.axb4 a5 16.Na4
axb4 17.Rxb4 Qa5 18.Bd2 Ng4 19.Kh1 Nc5 20.Bc2 Ne4 21.Bxe4 fxe4 22.Rxb7 Bxb7
23.Bxa5 exf3 24.Be1 f2 {#R} 0-1

[Event "Match \"]
[Site "masterchessopen.com - Buehl (Germany)"]
[Date "2008.09.21"]
[Round "1"]
[White "Duchateau Thomas (FRA)"]
[Black "Fronczek Heinrich (GER)"]
[Result "1-0"]
[WhiteElo "2087"]
[BlackElo "2308"]

1.d4 Nf6 2.c4 c5 3.d5 e5 4.Nc3 d6 5.e4 g6 6.Be2 Bg7 7.g4 h5 8.g5 Nh7 9.Nf3 Bg4
10.Rg1 O-O 11.Be3 Na6 12.Nh4 Bxe2 13.Nxe2 Nc7 14.Ng3 b5 15.Nxh5 gxh5 16.Qxh5
bxc4 17.Nf5 Ne8 18.Rg3 Rb8 19.Rh3 Nxg5 20.Bxg5 f6 21.Qg6 fxg5 22.Nh6+ Kh8
23.Nf7+ Kg8 24.Rh8# 1-0

[Event "Cup Ugra (open) (b)"]
[Site "masterchessopen.com - Khanty Mansyisk (Russia)"]
[Date "2008.10.18"]
[Round "5"]
[White "Drogovoz Maria (RUS)"]
[Black "Sviridenko Alexey (RUS)"]
[Result "0-1"]
[WhiteElo "1801"]
[BlackElo "1774"]

1.d4 Nf6 2.c4 c5 3.d5 e5 4.Nc3 d6 5.e4 Be7 6.Nf3 O-O 7.Be2 h6 8.O-O Nh7 9.Be3
f5 10.exf5 Bxf5 11.Bd3 Nd7 12.Bxf5 Rxf5 13.Qd3 Rf7 14.Ne4 Nhf6 15.h3 Nxe4
16.Qxe4 Bg5 17.Nxg5 hxg5 18.Qc2 Qe7 19.Rac1 Raf8 20.f4 exf4 {#R} 0-1